<?xml version="1.0" encoding="UTF-8"?>
<collection xmlns="http://www.loc.gov/MARC21/slim">
 <record>
  <leader>01941nam a22002537a 4500</leader>
  <controlfield tag="001">NCT_42323</controlfield>
  <controlfield tag="008">180615b        xxu||||| |||| 00| 0 vie d</controlfield>
  <datafield tag="999" ind1=" " ind2=" ">
   <subfield code="c">2031</subfield>
   <subfield code="d">2031</subfield>
  </datafield>
  <datafield tag="020" ind1=" " ind2=" ">
   <subfield code="a">9786047341276</subfield>
   <subfield code="c">140000</subfield>
  </datafield>
  <datafield tag="082" ind1="0" ind2="4">
   <subfield code="2">23rd ed.</subfield>
   <subfield code="a">796.0711</subfield>
   <subfield code="b">V308</subfield>
  </datafield>
  <datafield tag="100" ind1="1" ind2=" ">
   <subfield code="a">Đặng Hà Việt</subfield>
   <subfield code="e">chủ biên</subfield>
  </datafield>
  <datafield tag="245" ind1="1" ind2="0">
   <subfield code="a">Giáo trình điền kinh :</subfield>
   <subfield code="b">Giáo trình dành cho sinh viên đại học thể dục thể thao</subfield>
   <subfield code="c">Đặng Hà Việt; Nguyễn Đình Cách, Phạm Hoàng Tùng, Ngô Thị Thì</subfield>
  </datafield>
  <datafield tag="260" ind1=" " ind2=" ">
   <subfield code="a">TP Hồ Chí Minh</subfield>
   <subfield code="b">Đại học quốc gia thành phố Hồ Chí Minh</subfield>
   <subfield code="c">2016</subfield>
  </datafield>
  <datafield tag="300" ind1=" " ind2=" ">
   <subfield code="a">299 tr.</subfield>
   <subfield code="b">hình ảnh</subfield>
   <subfield code="c">24cm</subfield>
  </datafield>
  <datafield tag="520" ind1="3" ind2=" ">
   <subfield code="a">Điền kinh là một trong những môn thể thao được phát triển rộng rãi. Ở Việt Nam, điền kinh còn là môn thể thao cơ bản có vị trí quan trọng trong hệ thống giáo dục thể chất và huấn luyện thể thao. Được sự chỉ đạo củ Bộ văn hóa, Thế Thao và Du lịch và Ban Giám hiệu Trường ĐH TDTT TPHCM, Bộ môn Điền kinh đã chủ trì biên soạn cuốn Giáo trình Điền kinh này.</subfield>
  </datafield>
  <datafield tag="653" ind1=" " ind2=" ">
   <subfield code="a">Khoa học cơ bản</subfield>
  </datafield>
  <datafield tag="700" ind1="1" ind2=" ">
   <subfield code="a">Nguyễn Đình Cách</subfield>
   <subfield code="e">Đồng chủ biên</subfield>
  </datafield>
  <datafield tag="700" ind1="1" ind2=" ">
   <subfield code="a">Phạm Hoàng Tùng</subfield>
  </datafield>
  <datafield tag="700" ind1="1" ind2=" ">
   <subfield code="a">Ngô Thị Thì</subfield>
  </datafield>
  <datafield tag="942" ind1=" " ind2=" ">
   <subfield code="2">ddc</subfield>
   <subfield code="c">BK</subfield>
  </datafield>
  <datafield tag="952" ind1=" " ind2=" ">
   <subfield code="0">0</subfield>
   <subfield code="1">0</subfield>
   <subfield code="2">ddc</subfield>
   <subfield code="4">0</subfield>
   <subfield code="6">796_071100000000000_V308</subfield>
   <subfield code="7">0</subfield>
   <subfield code="9">10880</subfield>
   <subfield code="a">000001</subfield>
   <subfield code="b">000001</subfield>
   <subfield code="d">2018-06-15</subfield>
   <subfield code="o">796.0711 V308</subfield>
   <subfield code="p">MD.10447</subfield>
   <subfield code="r">2018-06-15</subfield>
   <subfield code="v">140000.00</subfield>
   <subfield code="w">2018-06-15</subfield>
   <subfield code="y">BK</subfield>
  </datafield>
  <datafield tag="952" ind1=" " ind2=" ">
   <subfield code="0">0</subfield>
   <subfield code="1">0</subfield>
   <subfield code="2">ddc</subfield>
   <subfield code="4">0</subfield>
   <subfield code="6">796_071100000000000_V308</subfield>
   <subfield code="7">0</subfield>
   <subfield code="9">10881</subfield>
   <subfield code="a">000001</subfield>
   <subfield code="b">000001</subfield>
   <subfield code="d">2018-06-15</subfield>
   <subfield code="o">796.0711 V308</subfield>
   <subfield code="p">MD.10448</subfield>
   <subfield code="r">2018-06-15</subfield>
   <subfield code="v">140000.00</subfield>
   <subfield code="w">2018-06-15</subfield>
   <subfield code="y">BK</subfield>
  </datafield>
  <datafield tag="952" ind1=" " ind2=" ">
   <subfield code="0">0</subfield>
   <subfield code="1">0</subfield>
   <subfield code="2">ddc</subfield>
   <subfield code="4">0</subfield>
   <subfield code="6">796_071100000000000_V308</subfield>
   <subfield code="7">0</subfield>
   <subfield code="9">10882</subfield>
   <subfield code="a">000001</subfield>
   <subfield code="b">000001</subfield>
   <subfield code="d">2018-06-15</subfield>
   <subfield code="o">796.0711 V308</subfield>
   <subfield code="p">MD.10449</subfield>
   <subfield code="r">2018-06-15</subfield>
   <subfield code="v">140000.00</subfield>
   <subfield code="w">2018-06-15</subfield>
   <subfield code="y">BK</subfield>
  </datafield>
  <datafield tag="980" ind1=" " ind2=" ">
   <subfield code="a">Thư viện Trường Đại học Nam Cần Thơ</subfield>
  </datafield>
 </record>
</collection>
